1747 1682 1453 1920 1319 1599 1901 1432 1687 1701 1944 1035 1878 1808 1365 1200 1787 1004 1831 1917 1586 1430 1574 1557 1862 1886 1695 1417 1298 1211 1156 1775 1294 1183 1703 1273 1614 1776 1567 1449 1590 1235 1256 1859 1878 1217 1482 1979 1771 1902 1260 1762 1879 1063 1870 1876 1847 1746 1763 1657 1675 1676 1866 1934 1815 1109 1009 1950 1408 1334 1525 1738 1320 1475 1087 1723 1006 1919 1051 1508 1687 1942 1489 1585 1905 1175 1129 1802 1397 1531 1407 1246 1652 1285 1017 1571 1412 1400 1404 BCNSPRNW ULIB Ver.6.0+V

เปลี่ยนเป็นภาษาไทย

Change to English
 แสดงรายละเอียดบรรณานุกรม
  กลับหน้าหลัก

Brief Record : Get Marc (ISO 2709) : E-mail record : QR code < ปิดหน้าต่าง
LEADER : 00000nam 2200000uu 4500
001    13399122891
003     ULIB
008    131025s2556||||th 000 0 tha d
020    ^a9786167073569
050  4 ^aPL4185^bพ174^d2556
110 1  ราชบัณฑิตยสถาน
245 00 ^aพจนานุกรมฉบับราชบัณฑิตยสถาน พ.ศ. 2554 เฉลิมพระเกียรติพระบาทสมเด็จพระเจ้าอยู่หัวเนื่องในโอกาสพระราชพิธีมหามงคลเฉลิมพระชนมพรรษา 7 รอบ 5 ธันวาคม 2554
250    ^aพิมพ์ครั้งที่ 1.
260    ^aกรุงเทพฯ :^bราชบัณฑิตยสถาน,^c2556.
300    ^a693 หน้า :^bภาพประกอบ ;^c27 ซม.
500    ^aเฉลิมพระเกียรติพระบาทสมเด็จพระเจ้าอยู่หัวเนื่องในโอกาสพระราชพิธีมหามงคลเฉลิมพระชนมพรรษา 7 รอบ 5 ธันวาคม 2554
500    ^aSend to Single Search
650  7 ^aThai language^vDictionaries
650  4 ^aภาษาไทย^vพจนานุกรม
945    ^p0^l0^i034109
999    ^aเกษร โพธิ์สุวรรณ
รายการนี้ยังไม่มีแท็ก
คุณยังไม่ได้ล็อกอิน คุณสามารถมีกิจกรรมร่วมกับเว็บไซต์ได้ แต่ต้องล็อกอินก่อน ::
  ล็อกอิน

รายการสื่อสารสนเทศ

ลำดับที่ ประเภท เลขเรียก/บาร์โค้ด สถานที่ สถานะ
1. Book การพยาบาล
หนังสือสำรอง
สถานะ=หนังสือสำรอง
PL4185 พ174 2556  
  Barcode: 034109
ห้องสมุดวิทยาเขตสวรรค์ประชารักษ์
►หนังสือทั่วไป
บนชั้น

BibComment


ยังไม่เคยถูกคอมเมนท์

คอมเมนท์ทรัพยากรรายการนี้
  คอมเมนท์: พจนานุกรมฉบับราช..


 Copyright 2026. Bcnsprnw @Library